Kant
محفوظ في:
| المؤلف الرئيسي: | |
|---|---|
| التنسيق: | كتاب |
| اللغة: | الإسبانية |
| منشور في: |
Madrid
Alianza
1977
|
| الطبعة: | 1a. ed |
| سلاسل: | Alianza Universidad
|
| الموضوعات: | |
| الوسوم: |
إضافة وسم
لا توجد وسوم, كن أول من يضع وسما على هذه التسجيلة!
|
MARC
| LEADER | 00000cam a2200000 a 4500 | ||
|---|---|---|---|
| 001 | UCZ2595 | ||
| 003 | CL-VaPUC | ||
| 008 | 951005e19770000SP |||||||||||||||||spa|d | ||
| 020 | |a 8420621889 | ||
| 082 | 0 | 4 | |a 142.3 |b KOR |2 21 |
| 100 | |a Körner, Stephan |e author |9 451766 | ||
| 245 | 1 | 0 | |a Kant |
| 250 | |a 1a. ed | ||
| 300 | |a 206 p | ||
| 600 | 0 | |a Kant, Immanuel, |d 1724-1804 |9 858687 | |
| 942 | |c BK | ||
| 945 | |d 19951005 00:00:00 |a cmena | ||
| 260 | |a Madrid |b Alianza |c 1977 | ||
| 650 | 0 | |a Idealismo |9 265685 | |
| 650 | 0 | |a Filosofía alemana |9 265002 | |
| 650 | 7 | |a FILOSOFOS ALEMANES |2 CL-VaPUC |9 346375 | |
| 650 | 0 | |a Biografías |9 255210 | |
| 650 | 0 | |a Escuelas filosóficas |9 266232 | |
| 583 | |a last modification |c 20150416 15:37:55 |k Rodrigo Vera | ||
| 490 | 0 | |a Alianza Universidad | |
| 999 | |c 239164 |d 239162 | ||
| 952 | |0 0 |1 0 |4 0 |6 142_300000000000000_KOR_1977 |7 0 |8 A |9 250032 |a BIBEDU |b BIBEDU |d 2019-11-18 |i 1568566 |o 142.3 KOR 1977 |p 1568566 |r 2019-11-18 |w 2019-11-18 |y BK |k FIL | ||